Normal view
MARC view
Entry Personal Name
001 - CONTROL NUMBER
- control field: 58512
003 - CONTROL NUMBER IDENTIFIER
- control field: OSt
005 - DATE AND TIME OF LATEST TRANSACTION
- control field: 20160520142617.0
008 - FIXED-LENGTH DATA ELEMENTS
- fixed length control field: 160520|| aca||aabn | a|a d
040 ## - CATALOGING SOURCE
- Original cataloging agency: OSt
- Transcribing agency: OSt
100 ## - HEADING--PERSONAL NAME
- Personal name: राकेश, राजकुमार
670 ## - SOURCE DATA FOUND
- Source citation: Work cat.: (OSt)17763: राकेश, राजकुमार , पतलियों और मुंह के बीच , 1999









